Villes de Midi-Pyrénées par département - Statistiques

Statistiques générales
  • Ce quiz a été pris 220 fois
  • Le résultat moyen est 21 sur 40
Statistiques - réponses
Ville Population % Correct
Toulouse 504 078
98%
Rodez 24 207
94%
Foix 9 472
92%
Albi 49 714
91%
Tarbes 43 955
88%
Montauban 61 919
87%
Auch 23 041
86%
Cahors 20 141
85%
Castres 42 672
80%
Blagnac 26 466
77%
Pamiers 16 394
76%
Lourdes 13 509
74%
Millau 21 712
74%
Muret 25 060
69%
Colomiers 40 159
64%
Figeac 9 770
62%
Condom 6 466
57%
Villefranche-de-Rouergue 11 720
54%
Tournefeuille 29 439
50%
Castelsarrasin 14 178
48%
Gaillac 15 663
48%
Bagnères-de-Bigorre 7 000
47%
Saint-Girons 6 250
47%
Moissac 13 748
43%
L'Isle-Jourdain 9 324
41%
Gourdon 3 946
37%
Saint-Affrique 7 992
37%
Caussade 6 804
34%
Lannemezan 5 810
34%
Lavaur 10 830
33%
Onet-le-Château 11 873
30%
Fleurance 6 012
27%
Graulhet 13 166
26%
Lavelanet 6 035
23%
Montech 6 650
22%
Gramat 3 482
18%
Eauze 4 014
15%
Pradines 3 584
14%
Saverdun 4 815
14%
Aureilhan 7 982
13%
Aucun quiz correspondant
Distribution des résultats
% des personnes avec chaque résultat
Percentile par nombre de réponses
Votre historique - résultats
Vous n’avez pas pris ce quiz